Bruselské peniaze späť v bode nula
Eurofondy sa nakoniec budú rozdeľovať podľa "receptu" bývalej vlády. Nová vláda najprv chcela znížiť počet priorít rozdeľovania z jedenástich operačných programov na osem. Zníženie sa neuskutoční, a tak v rokoch 2007-2013 peniaze z eurofondov by mali tiecť cez jedenásť programov. Otázny je termín sp...
Salvato in:
| Autore principale: | |
|---|---|
| Natura: | Capitolo di libro |
| Lingua: | slovacco |
| Soggetti: | |
| Tags: |
Nessun Tag, puoi essere il primo ad aggiungerne!!
|
MARC
| LEADER | 00000naa$a2200000$$$4500 | ||
|---|---|---|---|
| 001 | 0048252 | ||
| 005 | 20231009084024.5 | ||
| 041 | 0 | |a slo | |
| 044 | |a SK | ||
| 245 | 1 | 0 | |a Bruselské peniaze späť v bode nula |c Peter Marčan |
| 520 | |a Eurofondy sa nakoniec budú rozdeľovať podľa "receptu" bývalej vlády. Nová vláda najprv chcela znížiť počet priorít rozdeľovania z jedenástich operačných programov na osem. Zníženie sa neuskutoční, a tak v rokoch 2007-2013 peniaze z eurofondov by mali tiecť cez jedenásť programov. Otázny je termín spustenia prvých opatrení, pretože termín január 2007 je nereálny. | ||
| 610 | 2 | 0 | |a pomoc finančná |
| 610 | 2 | 0 | |a Európska únia |
| 610 | 2 | 0 | |a fondy finančné |
| 610 | 2 | 0 | |a programy |
| 610 | 2 | 0 | |a Slovensko |
| 610 | 2 | 0 | |a 2007-2013 |
| 100 | 1 | |a Marčan, Peter | |